| 000 | 00905nam1a22002291i 4500 | ||
|---|---|---|---|
| 001 | rc\3718404 | ||
| 005 | 20260407140812.0 | ||
| 035 | _a(NLR Aleph) 007860595 | ||
| 090 |
_a7799208 _c7799208 |
||
| 100 | _a20130115d1974 |||a0rusy50 ca | ||
| 101 | 0 | _arus | |
| 102 | _aRU | ||
| 105 | _a z ||||| | ||
| 200 | 1 |
_aМетодические рекомендации по научной организации труда рабочих, ИТР и служащих судоремонтных заводов ММФ _fЧерноморниипроект |
|
| 210 |
_aМосква _cБ. и. _d1974 |
||
| 215 | _d25 | ||
| 606 |
_aСуда морские _xРемонт _xОрганизация труда _2psbo |
||
| 710 | 0 | 1 |
_aСССР _bМинистерство морского флота _3RU\NLR\AUTH\8810007915 _9513534 |
| 801 | 0 |
_aRU _bNLR _gpsbo |
|
| 801 | 1 |
_aRU _bELAR _2rusmarc |
|
| 852 |
_aNLR _j75-7/14 |
||
| 942 | _cBOOK | ||